A comparative study on divorce between Lhotsampa and Ngalongpa communities in Bhutan / (Record no. 5535)

MARC details
000 -LEADER
fixed length control field 00688nam a2200181 4500
001 - CONTROL NUMBER
control field 6582
090 00 - LOCALLY ASSIGNED LC-TYPE CALL NUMBER (OCLC); LOCAL CALL NUMBER (RLIN)
Classification number (OCLC) (R) ; Classification number, CALL (RLIN) (NR) POL.SCI CAP No.78
245 00 - TITLE STATEMENT
Title A comparative study on divorce between Lhotsampa and Ngalongpa communities in Bhutan /
Remainder of title
Statement of responsibility, etc. Indira Chauhan.
Medium
260 00 - PUBLICATION, DISTRIBUTION, ETC.
Place of publication, distribution, etc. [Thimphu] :
Name of publisher, distributor, etc. [Royal Thimphu College],
Date of publication, distribution, etc. 2017.
300 00 - PHYSICAL DESCRIPTION
Extent 40 p ; 30 cm.
504 ## - BIBLIOGRAPHY, ETC. NOTE
Bibliography, etc. note Includes bibliographical references.
520 ## - SUMMARY, ETC.
Summary, etc. Spiral-bound xerographic copy.
Summary, etc. Student research project for BA, Political Science (Capstone Project):(2017).
650 ## - SUBJECT ADDED ENTRY--TOPICAL TERM
Topical term or geographic name entry element Divorce --
Form subdivision
General subdivision
Chronological subdivision
Geographic subdivision Bhutan.
Source of heading or term
Topical term or geographic name entry element Lhotsampas --
Form subdivision
General subdivision
Chronological subdivision
Geographic subdivision Bhutan.
Source of heading or term
Topical term or geographic name entry element Ngalongpas --
Form subdivision
General subdivision
Chronological subdivision
Geographic subdivision Bhutan.
Source of heading or term
Topical term or geographic name entry element Capstone Project.
General subdivision
Holdings
Withdrawn status Lost status Damaged status Not for loan Collection code Home library Current library Shelving location Date acquired Serial Enumeration / chronology Inventory number Total Checkouts Full call number Barcode Date last seen Date last checked out Price effective from Koha item type
        Student work RTC Library RTC Library Student work 27/11/2018 10372 4 POL SCI CAP No. 78STUDENT WORK 30011261 31/03/2026 19/03/2026 27/11/2018 Student Work
Royal Thimphu College || All Right Reserved